| 000 | 00966cam a2200289 i 4500 | ||
|---|---|---|---|
| 999 |
_c200448334 _d66546 |
||
| 001 | 20664665 | ||
| 003 | TR-AnTOB | ||
| 005 | 20250502162452.0 | ||
| 007 | ta | ||
| 008 | 220331s1986 tu 000 0 tur d | ||
| 040 |
_aHLS _beng _erda _cHLS _dOCLCQ _dBGZ _dTR-AnTOB |
||
| 041 | 0 |
_aita _atur |
|
| 050 | 4 |
_aPC1645.T8 _bT36 1986 |
|
| 090 |
_aPC1645.T8 _bT36 1986 |
||
| 100 |
_aTanış, Asım _d1942- _910681 |
||
| 245 | 1 | 0 |
_aİtalyanca-Türkçe büyük öğretici sözlük = _bGrande dizionario didattico Italiano-Turco / _cAsım Tanış. |
| 264 | 1 |
_aİstanbul : _bİnkilap Kitabevi, _c1986. |
|
| 300 |
_a2 v. (xxxii, 1824 pages) ; _c24 cm |
||
| 336 |
_2rdacontent _atext _btxt |
||
| 337 |
_2rdamedia _aunmediated _bn |
||
| 338 |
_2rdacarrier _avolume _bnc |
||
| 590 | _aDonated by Nermin Çaker. | ||
| 650 | 0 |
_aİtalyan dili _vSözlükler _xTürkçe _9136308 |
|
| 740 | 0 | 2 | _aGrande dizionario didattico Italiano-Turco. |
| 942 |
_2lcc _cBK |
||